MARC

Tag First Indicator Second Indicator Subfields
LEADER 00000cam a2200000 a 4500
001 in00001268921
005 20151004050755.0
008 940214s1993 mx a b 000 0 spa
010 |a  94118268  
020 |a 9681640543 
035 |a (OCoLC)29948530  
035 |9 AGW3240AM 
040 |a DLC  |c DLC  |d KKU  |d UtOrBLW 
043 |a cl-----  |a n-mx--- 
049 |a TXAM 
050 0 0 |a F1411  |b .S4317 1993 
082 0 0 |a 972/.02  |2 20 
245 0 0 |a Sentido y proyección de la conquista /  |c Leopoldo Zea, compilador. 
250 |a 1. ed. 
264 1 |a México :  |b Instituto Panamericano de Geografía e Historia :  |b Fondo de Cultura Económica,  |c 1993. 
300 |a 188 pages :  |b illustrations ;  |c 21 cm. 
336 |a text  |b txt  |2 rdacontent 
337 |a unmediated  |b n  |2 rdamedia 
338 |a volume  |b nc  |2 rdacarrier 
490 1 |a Colección Tierra firme 
504 |a Includes bibliographical references. 
505 0 |a Descubrimiento de América, de la conquista a la reconciliación / Leopoldo Zea -- Invención de la utopía y deconstrucción de la realidad / Fernando Ainsa -- Perspectivas historiográficas de la conquista de México / Salvador Méndez Reyes -- De esclavos a ángeles / Elsa Cecilia Frost -- Filosofía política de la conquista / Mario Magallón Anaya -- El simbolismo del agua / Silvia Limón Olvera -- Imágenes de la conquista en el arte novohispano / Elisa Vargas Lugo -- Literatura y mestizaje / Eugenia Revueltas -- Aproximación, cara al futuro, al V Centenario de 1492 / José Luis Rubio Cordón. 
651 0 |a Latin America  |x History  |y To 1600. 
651 0 |a Mexico  |x History  |y Conquest, 1519-1540. 
651 0 |a Latin America  |x Historiography. 
651 0 |a Mexico  |x Historiography. 
650 0 |a Indians, Treatment of  |z Latin America. 
700 1 |a Zea, Leopoldo,  |d 1912-2004. 
830 0 |a Colección Tierra firme (Fondo de Cultura Económica (Mexico)) 
999 |a MARS 
999 f f |s 63e8659b-2ecd-3427-951d-67c7c0f66c00  |i 7a165a83-cd34-3b17-a2ce-2ecb72187589  |t 0 
952 f f |p normal  |a Texas A&M University  |b College Station  |c Sterling C. Evans Library  |d Evans: Library Stacks  |t 0  |e F1411 .S4317 1993  |h Library of Congress classification  |i unmediated -- volume  |m A14820144855 
998 f f |a F1411 .S4317 1993  |t 0  |l Evans: Library Stacks